The dynamics of transitional justice : (Record no. 14149)

000 -LEADER
fixed length control field 01543cam a22002778a 4500
001 - CONTROL NUMBER
control field 17091207
005 - DATE AND TIME OF LATEST TRANSACTION
control field 20170105102848.0
008 - FIXED-LENGTH DATA ELEMENTS--GENERAL INFORMATION
fixed length control field 111220s2012 enk b 000 0 eng
010 ## - LIBRARY OF CONGRESS CONTROL NUMBER
LC control number 2011052527
020 ## - INTERNATIONAL STANDARD BOOK NUMBER
International Standard Book Number 9780415504362 (hardback)
040 ## - CATALOGING SOURCE
Original cataloging agency DLC
Transcribing agency DLC
043 ## - GEOGRAPHIC AREA CODE
Geographic area code a-em---
050 00 - LIBRARY OF CONGRESS CALL NUMBER
Classification number KNW5046.8
Item number .K46 2012
082 00 - DEWEY DECIMAL CLASSIFICATION NUMBER
Classification number 320.95987011
Edition number 23
100 1# - MAIN ENTRY--PERSONAL NAME
Personal name Kent, Lia.
245 14 - TITLE STATEMENT
Title The dynamics of transitional justice :
Remainder of title international models and local realities in East Timor /
Statement of responsibility, etc. Lia Kent.
260 ## - PUBLICATION, DISTRIBUTION, ETC.
Place of publication, distribution, etc. Abingdon, Oxon [UK] ;
-- New York :
Name of publisher, distributor, etc. Routledge,
Date of publication, distribution, etc. 2012.
263 ## - PROJECTED PUBLICATION DATE
Projected publication date 1207
300 ## - PHYSICAL DESCRIPTION
Extent p. cm.
504 ## - BIBLIOGRAPHY, ETC. NOTE
Bibliography, etc. note Includes bibliographical references.
505 0# - FORMATTED CONTENTS NOTE
Formatted contents note The global celebration of transitional justice and the East Timor reality -- Interrogating 'transition' and 'justice' -- Stability versus retributive justice : unpacking the UN's East Timor 'success story' -- The serious crimes process and the commission for reception, truth and reconciliation : justice possibilities and impossibilities -- National unity, collective struggle and the future: the East Timorese leadership's narratives of justice and nation-building -- Local narratives of (in)justice: recognition, retribution and economic assistance -- Local memory practices and the emerging politics of victims' rights -- Rethinking transitional justice.
650 #0 - SUBJECT ADDED ENTRY--TOPICAL TERM
Topical term or geographic name entry element Transitional justice
Geographic subdivision Timor-Leste.
906 ## - LOCAL DATA ELEMENT F, LDF (RLIN)
a 7
b cbc
c orignew
d 1
e ecip
f 20
g y-gencatlg
942 ## - ADDED ENTRY ELEMENTS (KOHA)
Source of classification or shelving scheme
Koha item type Book
Holdings
Withdrawn status Lost status Damaged status Not for loan Collection code Permanent Location Current Location Shelving location Date acquired Total Checkouts Full call number Barcode Date last seen Price effective from Koha item type
          Centre for International Peace & Stability (CIPS) Centre for International Peace & Stability (CIPS) General Stacks 08/19/2013   320.95987011 KEN 2013 CIPS0000365 08/19/2013 08/19/2013 Book
© 2023 Central Library, National University of Sciences and Technology. All Rights Reserved.